| 000 | 00733nam a2200253 i 4500 | ||
|---|---|---|---|
| 001 | 2708479 | ||
| 003 | OSt | ||
| 005 | 20250901165802.0 | ||
| 008 | 770824s1977 nyua b 001 0 eng | ||
| 010 | _a 76050677 | ||
| 020 | _a087901072X | ||
| 040 |
_aDLC _cDLC _dDLC |
||
| 050 | 0 | 0 |
_aQH 308 .2 .C87 1977 _b.C87 1977 |
| 082 | 0 | 0 | _a574 |
| 100 | 1 | _aCurtis, Helena. | |
| 245 | 1 | 0 |
_aInvitation to biology / _cHelena Curtis ; [illustrator, Shirley Baty]. |
| 250 | _a2d ed. | ||
| 260 |
_aNew York : _bWorth Publishers, _c1977. |
||
| 300 |
_axxi, 646 p. : _bill. (some col.) ; _c29 cm. |
||
| 504 | _aIncludes bibliographies and index. | ||
| 650 | 0 | _aBiology. | |
| 906 |
_a7 _bcbc _corignew _d2 _eocip _f19 _gy-gencatlg |
||
| 942 |
_2lcc _cBK |
||
| 999 |
_c9217 _d9217 |
||